000 00810nam a2200265Ia 4500
003 OSt
005 20220928124744.0
006 a|||||r|||| 00| 0
007 ta
008 220927b |||||||| |||| 00| 0 eng d
020 _c360
024 _a99625
037 _b41, 25/09/2009, Better Book Service
_cTextual
040 _aSDCL
_cSDCL
_beng
041 _2eng
_aeng
082 _aX:8N1, P4
100 _aChaturvedi P D
_9466868
245 0 _aBusiness communication
_b Concepts, cases and practices.
260 _aDelhi
_bPearson Education
_c2004
300 _axvi,500p
_ccm.
650 _aCommerce
_9353036
700 _a Chaturvedi Mukesh
_9466869
942 _hX:8N1, P4
_cTEXL
_2CC
999 _c779696
_d779696